[Event "Deutsche Ländermeisterschaft 2023"]
[Site "Hannover GER"]
[Date "2023.10.05"]
[Round "7"]
[White "Hecht, Jonas Christian"]
[Black "Spriestersbach, Kai"]
[Result "1/2-1/2"]
[Termination "normal"]
[Board "1.3"]
[WhiteElo "1999"]
[BlackElo "2158"]
[WhiteClock "00:38:08"]
[BlackClock "00:24:42"]
[WhiteTeam "Baden"]
[BlackTeam "Nordrhein-Westfalen"]
[PlyCount "43"]
[WhiteFideId "16214846"]
[BlackFideId "16269985"]
[EventCountry "GER"]
[EventRounds "7"]
[EventType "team-swiss"]
[EventDate "2023.09.30"]

1. e4 {[%clk 01:30:58]} {[%emt 00:00:01]} c6 {[%clk 01:30:51]} {[%emt
00:00:09]} 2. Nf3 {[%clk 01:30:41]} {[%emt 00:00:47]} d5 {[%clk 01:31:16]}
{[%emt 00:00:05]} 3. d3 {[%clk 01:31:09]} {[%emt 00:00:03]} dxe4 {[%clk
01:30:43]} {[%emt 00:01:03]} 4. dxe4 {[%clk 01:31:34]} {[%emt 00:00:05]} Qxd1+
{[%clk 01:31:06]} {[%emt 00:00:07]} 5. Kxd1 {[%clk 01:32:02]} {[%emt 00:00:03]}
Nf6 {[%clk 01:31:27]} {[%emt 00:00:08]} 6. Nc3 {[%clk 01:24:07]} {[%emt
00:08:25]} g6 {[%clk 01:25:46]} {[%emt 00:06:11]} 7. h3 {[%clk 01:16:37]}
{[%emt 00:08:00]} Bg7 {[%clk 01:20:55]} {[%emt 00:05:21]} 8. Bd3 {[%clk
01:12:36]} {[%emt 00:04:31]} a5 {[%clk 01:09:55]} {[%emt 00:11:29]} 9. Be3
{[%clk 01:10:32]} {[%emt 00:02:34]} Na6 {[%clk 01:07:52]} {[%emt 00:02:33]} 10.
Na4 {[%clk 01:09:26]} {[%emt 00:01:36]} Nd7 {[%clk 01:04:25]} {[%emt 00:03:56]}
11. c3 {[%clk 01:08:22]} {[%emt 00:01:34]} b5 {[%clk 00:58:00]} {[%emt
00:06:54]} 12. Nb6 {[%clk 01:08:45]} {[%emt 00:00:07]} Nxb6 {[%clk 00:58:29]}
{[%emt 00:00:01]} 13. Bxb6 {[%clk 01:09:10]} {[%emt 00:00:06]} a4 {[%clk
00:58:36]} {[%emt 00:00:23]} 14. Ke2 {[%clk 00:55:19]} {[%emt 00:14:20]} a3
{[%clk 00:52:46]} {[%emt 00:06:22]} 15. bxa3 {[%clk 00:53:36]} {[%emt
00:02:13]} Nb8 {[%clk 00:52:20]} {[%emt 00:00:56]} 16. Bd4 {[%clk 00:50:28]}
{[%emt 00:03:38]} Bxd4 {[%clk 00:44:49]} {[%emt 00:08:01]} 17. cxd4 {[%clk
00:45:06]} {[%emt 00:05:53]} Rxa3 {[%clk 00:41:52]} {[%emt 00:03:27]} 18. d5
{[%clk 00:40:35]} {[%emt 00:05:01]} cxd5 {[%clk 00:25:19]} {[%emt 00:17:02]}
19. Bxb5+ {[%clk 00:40:18]} {[%emt 00:00:47]} Bd7 {[%clk 00:25:43]} {[%emt
00:00:06]} 20. Bxd7+ {[%clk 00:40:41]} {[%emt 00:00:08]} Nxd7 {[%clk 00:26:12]}
{[%emt 00:00:01]} 21. exd5 {[%clk 00:41:04]} {[%emt 00:00:07]} O-O {[%clk
00:24:42]} {[%emt 00:01:59]} 22. Rhd1 {[%clk 00:38:08]} {[%emt 00:03:27]}
1/2-1/2

[Event "Deutsche Ländermeisterschaft 2023"]
[Site "Hannover GER"]
[Date "2023.10.05"]
[Round "7"]
[White "Möller, Maurin"]
[Black "Basovskiy, Jana"]
[Result "1-0"]
[Termination "normal"]
[Board "1.4"]
[WhiteElo "2132"]
[BlackElo "1846"]
[WhiteClock "00:04:03"]
[BlackClock "00:03:42"]
[WhiteTeam "Nordrhein-Westfalen"]
[BlackTeam "Baden"]
[PlyCount "73"]
[WhiteFideId "16265696"]
[BlackFideId "16208617"]
[EventCountry "GER"]
[EventRounds "7"]
[EventType "team-swiss"]
[EventDate "2023.09.30"]

1. d4 {[%clk 01:30:53]} {[%emt 00:00:07]} Nf6 {[%clk 01:30:57]} {[%emt
00:00:03]} 2. c4 {[%clk 01:31:15]} {[%emt 00:00:08]} Nc6 {[%clk 01:31:03]}
{[%emt 00:00:24]} 3. Nc3 {[%clk 01:31:32]} {[%emt 00:00:12]} e5 {[%clk
01:31:18]} {[%emt 00:00:15]} 4. d5 {[%clk 01:31:51]} {[%emt 00:00:11]} Ne7
{[%clk 01:31:44]} {[%emt 00:00:05]} 5. Nf3 {[%clk 01:32:08]} {[%emt 00:00:13]}
Ng6 {[%clk 01:31:19]} {[%emt 00:00:55]} 6. h4 {[%clk 01:32:16]} {[%emt
00:00:21]} h5 {[%clk 01:23:51]} {[%emt 00:07:58]} 7. Bg5 {[%clk 01:32:14]}
{[%emt 00:00:32]} d6 {[%clk 01:21:23]} {[%emt 00:02:58]} 8. e4 {[%clk
01:29:45]} {[%emt 00:02:59]} Be7 {[%clk 01:17:03]} {[%emt 00:04:50]} 9. g3
{[%clk 01:25:20]} {[%emt 00:04:55]} Bg4 {[%clk 01:04:14]} {[%emt 00:13:18]} 10.
Be2 {[%clk 01:20:35]} {[%emt 00:05:15]} Nf8 {[%clk 00:56:11]} {[%emt 00:08:33]}
11. Nh2 {[%clk 01:04:46]} {[%emt 00:16:18]} Bxe2 {[%clk 00:56:08]} {[%emt
00:00:34]} 12. Qxe2 {[%clk 01:05:07]} {[%emt 00:00:10]} N8d7 {[%clk 00:56:09]}
{[%emt 00:00:29]} 13. O-O-O {[%clk 00:56:39]} {[%emt 00:08:57]} Nc5 {[%clk
00:50:05]} {[%emt 00:06:34]} 14. Kb1 {[%clk 00:50:39]} {[%emt 00:06:30]} Qd7
{[%clk 00:41:11]} {[%emt 00:09:24]} 15. Nf1 {[%clk 00:36:29]} {[%emt 00:14:40]}
Ng4 {[%clk 00:30:26]} {[%emt 00:11:16]} 16. f3 {[%clk 00:36:06]} {[%emt
00:00:52]} Nf6 {[%clk 00:28:00]} {[%emt 00:02:56]} 17. Qc2 {[%clk 00:30:52]}
{[%emt 00:05:45]} O-O {[%clk 00:24:43]} {[%emt 00:03:47]} 18. Ne3 {[%clk
00:27:57]} {[%emt 00:03:25]} g6 {[%clk 00:13:23]} {[%emt 00:11:51]} 19. g4
{[%clk 00:27:39]} {[%emt 00:00:47]} hxg4 {[%clk 00:11:40]} {[%emt 00:02:13]}
20. Bxf6 {[%clk 00:21:10]} {[%emt 00:06:59]} Bxf6 {[%clk 00:12:03]} {[%emt
00:00:07]} 21. fxg4 {[%clk 00:18:53]} {[%emt 00:02:47]} Kg7 {[%clk 00:11:50]}
{[%emt 00:00:43]} 22. Qf2 {[%clk 00:15:27]} {[%emt 00:03:56]} Rae8 {[%clk
00:08:54]} {[%emt 00:03:25]} 23. Kc2 {[%clk 00:13:15]} {[%emt 00:02:43]} Na4
{[%clk 00:07:03]} {[%emt 00:02:21]} 24. g5 {[%clk 00:11:24]} {[%emt 00:02:21]}
Bd8 {[%clk 00:07:25]} {[%emt 00:00:07]} 25. Rdg1 {[%clk 00:11:45]} {[%emt
00:00:09]} Nxc3 {[%clk 00:07:36]} {[%emt 00:00:20]} 26. Kxc3 {[%clk 00:12:04]}
{[%emt 00:00:11]} Qa4 {[%clk 00:04:40]} {[%emt 00:03:26]} 27. b3 {[%clk
00:05:30]} {[%emt 00:07:04]} Qa5+ {[%clk 00:04:37]} {[%emt 00:00:33]} 28. Kb2
{[%clk 00:05:28]} {[%emt 00:00:32]} Qb6 {[%clk 00:04:47]} {[%emt 00:00:20]} 29.
Rd1 {[%clk 00:05:44]} {[%emt 00:00:15]} a5 {[%clk 00:03:09]} {[%emt 00:02:07]}
30. Qf3 {[%clk 00:05:02]} {[%emt 00:01:12]} a4 {[%clk 00:03:27]} {[%emt
00:00:13]} 31. Ng4 {[%clk 00:04:49]} {[%emt 00:00:42]} axb3 {[%clk 00:03:51]}
{[%emt 00:00:07]} 32. axb3 {[%clk 00:04:12]} {[%emt 00:01:07]} Rh8 {[%clk
00:02:17]} {[%emt 00:02:04]} 33. Nf6 {[%clk 00:04:03]} {[%emt 00:00:38]} Bxf6
{[%clk 00:02:42]} {[%emt 00:00:05]} 34. Qxf6+ {[%emt 00:01:11]} Kg8 {[%clk
00:03:10]} 35. h5 {[%clk 00:03:29]} {[%emt 00:00:25]} Qe3 {[%clk 00:03:20]}
{[%emt 00:00:20]} 36. hxg6 {[%clk 00:03:45]} {[%emt 00:00:14]} Qe2+ {[%clk
00:03:42]} {[%emt 00:00:08]} 37. Kc3 {[%clk 00:04:03]} {[%emt 00:00:12]} 1-0

[Event "Deutsche Ländermeisterschaft 2023"]
[Site "Hannover GER"]
[Date "2023.10.05"]
[Round "7"]
[White "Uyar, Levin"]
[Black "Klaska, Philipp Leon"]
[Result "0-1"]
[Termination "normal"]
[Board "1.5"]
[WhiteElo "1720"]
[BlackElo "2065"]
[WhiteClock "00:00:32"]
[BlackClock "00:06:29"]
[WhiteTeam "Baden"]
[BlackTeam "Nordrhein-Westfalen"]
[PlyCount "82"]
[WhiteFideId "16282108"]
[BlackFideId "16238044"]
[EventCountry "GER"]
[EventRounds "7"]
[EventType "team-swiss"]
[EventDate "2023.09.30"]

1. e4 {[%clk 01:30:58]} {[%emt 00:00:02]} c5 {[%clk 01:30:33]} {[%emt
00:00:27]} 2. Nf3 {[%clk 01:31:25]} {[%emt 00:00:04]} Nc6 {[%clk 01:31:00]}
{[%emt 00:00:02]} 3. d4 {[%clk 01:31:49]} {[%emt 00:00:05]} cxd4 {[%clk
01:31:27]} {[%emt 00:00:04]} 4. Nxd4 {[%clk 01:32:13]} {[%emt 00:00:06]} Nf6
{[%clk 01:31:17]} {[%emt 00:00:39]} 5. Nc3 {[%clk 01:32:21]} {[%emt 00:00:23]}
d6 {[%clk 01:29:11]} {[%emt 00:02:35]} 6. Be2 {[%clk 01:29:44]} {[%emt
00:03:07]} e5 {[%clk 01:28:42]} {[%emt 00:00:59]} 7. Nb3 {[%clk 01:29:53]}
{[%emt 00:00:21]} h6 {[%clk 01:24:47]} {[%emt 00:04:25]} 8. Be3 {[%clk
01:25:05]} {[%emt 00:05:19]} Be7 {[%clk 01:24:30]} {[%emt 00:00:46]} 9. Qd2
{[%clk 01:19:40]} {[%emt 00:05:56]} O-O {[%clk 01:18:09]} {[%emt 00:06:50]} 10.
O-O-O {[%clk 01:17:28]} {[%emt 00:02:42]} Be6 {[%clk 01:17:01]} {[%emt
00:01:39]} 11. f3 {[%clk 01:15:06]} {[%emt 00:02:53]} a5 {[%clk 01:12:16]}
{[%emt 00:05:14]} 12. Kb1 {[%clk 01:13:16]} {[%emt 00:02:20]} a4 {[%clk
01:09:17]} {[%emt 00:03:29]} 13. Nc1 {[%clk 01:12:26]} {[%emt 00:01:20]} a3
{[%clk 01:04:44]} {[%emt 00:05:02]} 14. b3 {[%clk 01:04:52]} {[%emt 00:08:04]}
Qa5 {[%clk 01:00:23]} {[%emt 00:04:51]} 15. Na4 {[%clk 00:55:23]} {[%emt
00:09:59]} d5 {[%clk 00:47:10]} {[%emt 00:13:43]} 16. Qxa5 {[%clk 00:51:50]}
{[%emt 00:04:04]} Rxa5 {[%clk 00:46:33]} {[%emt 00:01:07]} 17. Bb6 {[%clk
00:46:10]} {[%emt 00:06:10]} Rxa4 {[%clk 00:31:29]} {[%emt 00:15:34]} 18. bxa4
{[%clk 00:45:24]} {[%emt 00:01:15]} dxe4 {[%clk 00:30:58]} {[%emt 00:01:01]}
19. Nb3 {[%clk 00:38:32]} {[%emt 00:07:22]} Nd5 {[%clk 00:28:53]} {[%emt
00:02:34]} 20. Rxd5 {[%clk 00:37:50]} {[%emt 00:01:12]} Bxd5 {[%clk 00:29:16]}
{[%emt 00:00:07]} 21. c4 {[%clk 00:37:58]} {[%emt 00:00:23]} Be6 {[%clk
00:27:34]} {[%emt 00:02:13]} 22. fxe4 {[%clk 00:37:04]} {[%emt 00:01:25]} Ra8
{[%clk 00:27:16]} {[%emt 00:00:46]} 23. a5 {[%clk 00:33:51]} {[%emt 00:03:44]}
Bb4 {[%clk 00:23:37]} {[%emt 00:04:09]} 24. Kc2 {[%clk 00:32:52]} {[%emt
00:01:28]} Nxa5 {[%clk 00:16:31]} {[%emt 00:07:36]} 25. Bxa5 {[%clk 00:30:48]}
{[%emt 00:02:34]} Bxa5 {[%clk 00:16:55]} {[%emt 00:00:07]} 26. Nxa5 {[%clk
00:31:14]} {[%emt 00:00:04]} Rxa5 {[%clk 00:17:21]} {[%emt 00:00:04]} 27. Rb1
{[%clk 00:30:41]} {[%emt 00:01:02]} Ra7 {[%clk 00:14:58]} {[%emt 00:02:53]} 28.
Kc3 {[%clk 00:27:04]} {[%emt 00:04:09]} Kf8 {[%clk 00:14:36]} {[%emt 00:00:51]}
29. Rb5 {[%clk 00:26:09]} {[%emt 00:01:20]} f6 {[%clk 00:12:53]} {[%emt
00:02:19]} 30. Kb4 {[%clk 00:20:35]} {[%emt 00:06:04]} Ke7 {[%clk 00:10:53]}
{[%emt 00:02:29]} 31. Ra5 {[%clk 00:19:01]} {[%emt 00:02:03]} Rxa5 {[%clk
00:11:03]} {[%emt 00:00:21]} 32. Kxa5 {[%clk 00:19:26]} {[%emt 00:00:05]} Kd7
{[%clk 00:09:25]} {[%emt 00:02:08]} 33. Kb6 {[%clk 00:08:04]} {[%emt 00:11:52]}
Kc8 {[%clk 00:09:42]} {[%emt 00:00:13]} 34. g4 {[%clk 00:07:05]} {[%emt
00:01:29]} Kb8 {[%clk 00:08:52]} {[%emt 00:01:20]} 35. h3 {[%clk 00:06:56]}
{[%emt 00:00:39]} h5 {[%clk 00:06:42]} {[%emt 00:02:40]} 36. gxh5 {[%clk
00:03:53]} {[%emt 00:03:34]} Bxh3 {[%clk 00:06:55]} {[%emt 00:00:17]} 37. Kb5
{[%clk 00:02:29]} {[%emt 00:01:52]} Kc7 {[%clk 00:06:40]} {[%emt 00:00:46]} 38.
c5 {[%clk 00:01:53]} {[%emt 00:01:07]} Bg2 {[%clk 00:05:59]} {[%emt 00:01:10]}
39. Kb4 {[%clk 00:01:31]} {[%emt 00:00:52]} Bxe4 {[%clk 00:06:05]} {[%emt
00:00:25]} 40. Kxa3 {[%clk 00:01:21]} {[%emt 00:00:40]} Bd5 {[%clk 00:06:21]}
{[%emt 00:00:13]} 41. Kb2 {[%clk 00:00:32]} {[%emt 00:01:18]} Kc6 {[%clk
00:06:29]} {[%emt 00:00:24]} 0-1

[Event "Deutsche Ländermeisterschaft 2023"]
[Site "Hannover GER"]
[Date "2023.10.05"]
[Round "7"]
[White "Kateryniuk, Ivan"]
[Black "Rudolph, Eva"]
[Result "0-1"]
[Termination "normal"]
[Board "1.7"]
[WhiteElo "1561"]
[BlackElo "1793"]
[WhiteClock "00:11:20"]
[BlackClock "00:02:54"]
[WhiteTeam "Baden"]
[BlackTeam "Nordrhein-Westfalen"]
[PlyCount "74"]
[WhiteFideId "34138943"]
[BlackFideId "16200594"]
[EventCountry "GER"]
[EventRounds "7"]
[EventType "team-swiss"]
[EventDate "2023.09.30"]

1. e4 {[%clk 01:30:52]} {[%emt 00:00:08]} c5 {[%clk 01:30:56]} {[%emt
00:00:05]} 2. c3 {[%clk 01:31:18]} {[%emt 00:00:03]} Nf6 {[%clk 01:31:20]}
{[%emt 00:00:07]} 3. e5 {[%clk 01:31:43]} {[%emt 00:00:05]} Nd5 {[%clk
01:31:41]} {[%emt 00:00:09]} 4. d4 {[%clk 01:32:10]} {[%emt 00:00:03]} cxd4
{[%clk 01:31:53]} {[%emt 00:00:17]} 5. cxd4 {[%clk 01:32:38]} {[%emt 00:00:02]}
Nc6 {[%clk 01:32:04]} {[%emt 00:00:19]} 6. Nc3 {[%clk 01:32:10]} {[%emt
00:00:59]} Nxc3 {[%clk 01:23:34]} {[%emt 00:08:59]} 7. bxc3 {[%clk 01:32:14]}
{[%emt 00:00:25]} d6 {[%clk 01:23:02]} {[%emt 00:01:03]} 8. exd6 {[%clk
01:28:09]} {[%emt 00:04:35]} e6 {[%clk 01:20:42]} {[%emt 00:02:50]} 9. Bd3
{[%clk 01:26:16]} {[%emt 00:02:22]} Bxd6 {[%clk 01:13:46]} {[%emt 00:07:27]}
10. Nf3 {[%clk 01:26:13]} {[%emt 00:00:32]} Ne7 {[%clk 01:08:43]} {[%emt
00:05:33]} 11. Bg5 {[%clk 01:23:00]} {[%emt 00:03:42]} Qc7 {[%clk 01:01:08]}
{[%emt 00:08:05]} 12. Qb3 {[%clk 01:15:00]} {[%emt 00:08:30]} Bd7 {[%clk
00:57:10]} {[%emt 00:04:29]} 13. O-O {[%clk 01:10:57]} {[%emt 00:04:33]} Bc6
{[%clk 00:55:34]} {[%emt 00:02:07]} 14. Bb5 {[%clk 01:09:52]} {[%emt 00:01:34]}
Rc8 {[%clk 00:47:36]} {[%emt 00:08:28]} 15. Bxe7 {[%clk 01:05:32]} {[%emt
00:04:51]} Kxe7 {[%clk 00:31:53]} {[%emt 00:16:13]} 16. Bxc6 {[%clk 01:03:28]}
{[%emt 00:02:34]} Qxc6 {[%clk 00:31:18]} {[%emt 00:01:05]} 17. Rfe1 {[%clk
01:02:47]} {[%emt 00:01:10]} Rhd8 {[%clk 00:17:12]} {[%emt 00:14:37]} 18. d5
{[%clk 00:51:04]} {[%emt 00:12:12]} Qxc3 {[%clk 00:16:46]} {[%emt 00:00:56]}
19. dxe6 {[%clk 00:47:55]} {[%emt 00:03:39]} Qxb3 {[%clk 00:16:12]} {[%emt
00:01:04]} 20. axb3 {[%clk 00:48:24]} {[%emt 00:00:01]} a6 {[%clk 00:15:02]}
{[%emt 00:01:39]} 21. Ng5 {[%clk 00:44:40]} {[%emt 00:04:13]} f6 {[%clk
00:13:19]} {[%emt 00:02:14]} 22. Nf7 {[%clk 00:44:43]} {[%emt 00:00:28]} Bb4
{[%clk 00:12:56]} {[%emt 00:00:52]} 23. Re2 {[%clk 00:31:54]} {[%emt 00:13:19]}
Rd2 {[%clk 00:11:31]} {[%emt 00:01:55]} 24. Rxd2 {[%clk 00:21:13]} {[%emt
00:11:11]} Bxd2 {[%clk 00:11:55]} {[%emt 00:00:07]} 25. Rd1 {[%clk 00:21:37]}
{[%emt 00:00:05]} Rc1 {[%clk 00:10:52]} {[%emt 00:01:34]} 26. Rxc1 {[%clk
00:21:54]} {[%emt 00:00:12]} Bxc1 {[%clk 00:11:21]} {[%emt 00:00:02]} 27. g3
{[%clk 00:20:41]} {[%emt 00:01:43]} b5 {[%clk 00:06:33]} {[%emt 00:05:17]} 28.
Kf1 {[%clk 00:19:31]} {[%emt 00:01:40]} Bd2 {[%clk 00:06:38]} {[%emt 00:00:24]}
29. f4 {[%clk 00:19:37]} {[%emt 00:00:25]} g6 {[%clk 00:06:26]} {[%emt
00:00:42]} 30. Nh6 {[%clk 00:19:17]} {[%emt 00:00:50]} Kxe6 {[%clk 00:06:31]}
{[%emt 00:00:24]} 31. Ke2 {[%clk 00:18:30]} {[%emt 00:01:17]} Bb4 {[%clk
00:06:05]} {[%emt 00:00:56]} 32. Ng4 {[%clk 00:18:51]} {[%emt 00:00:09]} Bc5
{[%clk 00:05:59]} {[%emt 00:00:35]} 33. h3 {[%clk 00:18:26]} {[%emt 00:00:56]}
Bg1 {[%clk 00:04:34]} {[%emt 00:01:56]} 34. Kf1 {[%clk 00:16:13]} {[%emt
00:02:43]} h5 {[%clk 00:03:57]} {[%emt 00:01:07]} 35. Nh6 {[%clk 00:13:59]}
{[%emt 00:02:43]} Bc5 {[%clk 00:03:47]} {[%emt 00:00:39]} 36. g4 {[%clk
00:14:00]} {[%emt 00:00:29]} Bf8 {[%clk 00:03:06]} {[%emt 00:01:11]} 37. f5+
{[%clk 00:11:20]} {[%emt 00:03:10]} Ke7 {[%clk 00:02:54]} {[%emt 00:00:41]} 0-1

[Event "Deutsche Ländermeisterschaft 2023"]
[Site "Hannover GER"]
[Date "2023.10.05"]
[Round "7"]
[White "Kovalskyy, Alicia"]
[Black "Rafikova, Ailin"]
[Result "1/2-1/2"]
[Termination "normal"]
[Board "1.8"]
[WhiteElo "1527"]
[BlackElo "1359"]
[WhiteClock "00:11:55"]
[BlackClock "00:16:13"]
[WhiteTeam "Nordrhein-Westfalen"]
[BlackTeam "Baden"]
[PlyCount "107"]
[WhiteFideId "34612130"]
[BlackFideId "34612173"]
[EventCountry "GER"]
[EventRounds "7"]
[EventType "team-swiss"]
[EventDate "2023.09.30"]

1. e4 {[%clk 01:30:59]} c6 {[%clk 01:30:49]} {[%emt 00:00:12]} 2. d4 {[%clk
01:31:24]} {[%emt 00:00:04]} d5 {[%clk 01:30:57]} {[%emt 00:00:21]} 3. e5
{[%clk 01:31:45]} {[%emt 00:00:10]} Bf5 {[%clk 01:30:03]} {[%emt 00:01:24]} 4.
g4 {[%clk 01:32:03]} {[%emt 00:00:12]} Bd7 {[%clk 01:27:49]} {[%emt 00:02:44]}
5. c4 {[%clk 01:32:20]} {[%emt 00:00:14]} e6 {[%clk 01:25:09]} {[%emt
00:03:09]} 6. Nc3 {[%clk 01:32:39]} {[%emt 00:00:11]} dxc4 {[%clk 01:22:23]}
{[%emt 00:03:16]} 7. Bxc4 {[%clk 01:32:48]} {[%emt 00:00:21]} Ne7 {[%clk
01:19:22]} {[%emt 00:03:31]} 8. Nge2 {[%clk 01:30:52]} {[%emt 00:02:17]} Nd5
{[%clk 01:18:00]} {[%emt 00:02:00]} 9. Ng3 {[%clk 01:23:40]} {[%emt 00:07:42]}
Qb6 {[%clk 01:12:28]} {[%emt 00:06:01]} 10. O-O {[%clk 01:12:38]} {[%emt
00:11:33]} Be7 {[%clk 01:11:20]} {[%emt 00:01:38]} 11. Bb3 {[%clk 01:07:07]}
{[%emt 00:06:02]} Na6 {[%clk 01:07:18]} {[%emt 00:04:31]} 12. Na4 {[%clk
00:56:49]} {[%emt 00:10:48]} Qc7 {[%clk 01:04:12]} {[%emt 00:03:36]} 13. Bd2
{[%clk 00:50:07]} {[%emt 00:07:12]} O-O {[%clk 01:00:19]} {[%emt 00:04:23]} 14.
f4 {[%clk 00:45:40]} {[%emt 00:04:58]} f6 {[%clk 00:51:22]} {[%emt 00:09:25]}
15. Rc1 {[%clk 00:41:06]} {[%emt 00:05:06]} Qd8 {[%clk 00:42:38]} {[%emt
00:09:13]} 16. Ne4 {[%clk 00:31:19]} {[%emt 00:10:17]} Qe8 {[%clk 00:36:25]}
{[%emt 00:06:42]} 17. Nac5 {[%clk 00:29:25]} {[%emt 00:02:25]} Nxc5 {[%clk
00:34:15]} {[%emt 00:02:40]} 18. Nxc5 {[%clk 00:29:39]} {[%emt 00:00:16]} Bxc5
{[%clk 00:33:07]} {[%emt 00:01:37]} 19. Rxc5 {[%clk 00:29:19]} {[%emt
00:00:51]} f5 {[%clk 00:30:36]} {[%emt 00:03:01]} 20. Rf2 {[%clk 00:20:11]}
{[%emt 00:09:36]} Qe7 {[%clk 00:27:50]} {[%emt 00:03:18]} 21. g5 {[%clk
00:16:34]} {[%emt 00:04:08]} Be8 {[%clk 00:24:25]} {[%emt 00:03:54]} 22. a3
{[%clk 00:11:19]} {[%emt 00:05:46]} Bg6 {[%clk 00:20:22]} {[%emt 00:04:32]} 23.
Rc1 {[%clk 00:10:20]} {[%emt 00:01:29]} Rfe8 {[%clk 00:17:19]} {[%emt
00:03:32]} 24. Bc4 {[%clk 00:09:11]} {[%emt 00:01:40]} a5 {[%clk 00:15:33]}
{[%emt 00:02:16]} 25. Qe1 {[%clk 00:08:15]} {[%emt 00:01:27]} a4 {[%clk
00:13:35]} {[%emt 00:02:28]} 26. h4 {[%clk 00:07:20]} {[%emt 00:01:25]} Bh5
{[%clk 00:13:04]} {[%emt 00:01:01]} 27. Bd3 {[%clk 00:05:53]} {[%emt 00:01:57]}
Kf7 {[%clk 00:08:34]} {[%emt 00:05:00]} 28. Rc4 {[%clk 00:05:02]} {[%emt
00:01:21]} Nb6 {[%clk 00:05:23]} {[%emt 00:03:44]} 29. Bb4 {[%clk 00:04:49]}
{[%emt 00:00:42]} Qd7 {[%clk 00:04:55]} {[%emt 00:00:58]} 30. Bc5 {[%clk
00:02:45]} {[%emt 00:02:34]} Nxc4 {[%clk 00:04:23]} {[%emt 00:01:02]} 31. Bxc4
{[%clk 00:03:12]} {[%emt 00:00:03]} h6 {[%clk 00:03:14]} {[%emt 00:01:39]} 32.
Qb1 {[%clk 00:01:53]} {[%emt 00:01:46]} hxg5 {[%clk 00:01:47]} {[%emt
00:01:59]} 33. Qxf5+ {[%clk 00:02:00]} {[%emt 00:00:23]} Kg8 {[%clk 00:01:30]}
{[%emt 00:00:47]} 34. Qxg5 {[%clk 00:02:18]} {[%emt 00:00:12]} Qf7 {[%clk
00:00:55]} {[%emt 00:01:05]} 35. f5 {[%clk 00:02:01]} {[%emt 00:00:47]} g6
{[%clk 00:00:38]} {[%emt 00:00:48]} 36. Bxe6 {[%clk 00:01:42]} {[%emt
00:00:49]} Rxe6 {[%clk 00:00:43]} {[%emt 00:00:24]} 37. fxe6 {[%clk 00:02:10]}
{[%emt 00:00:03]} Qxe6 {[%clk 00:00:59]} {[%emt 00:00:14]} 38. Qe7 {[%clk
00:01:26]} {[%emt 00:01:12]} Qxe7 {[%clk 00:00:38]} {[%emt 00:00:55]} 39. Bxe7
{[%clk 00:01:51]} {[%emt 00:00:04]} Re8 {[%clk 00:00:49]} {[%emt 00:00:19]} 40.
Bf6 {[%clk 00:01:15]} {[%emt 00:01:06]} Re6 {[%clk 00:00:44]} {[%emt 00:00:34]}
41. Kf1 {[%clk 00:29:57]} {[%emt 00:01:47]} Kf7 {[%clk 00:26:20]} {[%emt
00:04:55]} 42. Bd8+ {[%clk 00:29:33]} {[%emt 00:00:54]} Ke8 {[%clk 00:26:08]}
{[%emt 00:00:42]} 43. Bb6 {[%clk 00:29:18]} {[%emt 00:00:45]} Ke7 {[%clk
00:23:46]} {[%emt 00:02:52]} 44. Ke1 {[%clk 00:29:23]} {[%emt 00:00:25]} Kd7
{[%clk 00:23:14]} {[%emt 00:01:01]} 45. Rc2 {[%clk 00:26:21]} {[%emt 00:03:32]}
Re8 {[%clk 00:22:27]} {[%emt 00:01:17]} 46. Rc4 {[%clk 00:26:00]} {[%emt
00:00:50]} Ra8 {[%clk 00:22:45]} {[%emt 00:00:13]} 47. Rc2 {[%clk 00:24:25]}
{[%emt 00:02:04]} Rf8 {[%clk 00:22:08]} {[%emt 00:01:07]} 48. Rc4 {[%clk
00:18:23]} {[%emt 00:06:32]} Rf4 {[%clk 00:17:38]} {[%emt 00:05:00]} 49. Rxa4
{[%clk 00:17:30]} {[%emt 00:01:24]} Rxh4 {[%clk 00:17:53]} {[%emt 00:00:14]}
50. Ra7 {[%clk 00:17:27]} {[%emt 00:00:33]} Kc8 {[%clk 00:17:39]} {[%emt
00:00:43]} 51. Ra8+ {[%clk 00:17:52]} {[%emt 00:00:06]} Kd7 {[%clk 00:17:53]}
{[%emt 00:00:16]} 52. Rb8 {[%clk 00:17:20]} {[%emt 00:01:02]} g5 {[%clk
00:17:43]} {[%emt 00:00:40]} 53. Rxb7+ {[%clk 00:17:15]} {[%emt 00:00:35]} Ke6
{[%clk 00:16:13]} {[%emt 00:01:59]} 54. Bc5 {[%clk 00:11:55]} {[%emt 00:05:51]}
1/2-1/2